00779nam a2200217 a 450000100100000000500170001000800410002702000150006804000250008308200180010810000390012624501210016526000540028630000250034059000630036565000290042865000420045770000360049904900090053599900170054400002224820200930011641.0100920s2005 ag r 000 p spa d a9874396341 aDO-SdBNPbspacBNPHU aA861.5bR763p1 aRomero Sosa, Carlos María94600510aPueyrredón y las Heras y adyacencias :ben tono menor /cCarlos María Romero Sosa ; prólogo de Hipólito Paz. aBuenos Aires :bAteneo Popular de la Boca,c2005. a81, [4] p. ;c20 cm. aLa biblioteca posee un ejemplar autografiado por el autor. 4aPoesía argentina93859 4aLiteratura argentinaySIGLO XXI937531 aPaz, Hipólitoepról.946006 aBNGR c21746d21746